00612nam a2200205Ia 4500003000900000008004100009040001300050040001300063041000800076100002100084245003500105250001000140260002100150260000900171300001100180300001000191490002400201490000700225600017400232IT-RoPAU120407s9999 xx 000 0 und d aIT-RoPAU cIT-RoPAU aita aMaurice Reuchlin aLa psicologia differenziale... aRoma  aEdizioni Paoline c1971 a270 p. c18 cm aPsicologia . N. S.  v26 a"Tit. orig.: La psicologie différentielle Trad. A. Messori 1 - Psicologia differnziale I - Messori , Alcide 155 BNI 72-13243 "